| 000 | 01960nam0a2200421 4500 | ||
|---|---|---|---|
| 001 | RU\NLR\bibl\1028755 | ||
| 005 | 20260405122808.0 | ||
| 021 |
_aRU _b2006-74485 _93767 |
||
| 035 | _a(nilc)RSL-KNO-002979959 | ||
| 035 | _a(NLR Aleph) 001016239 | ||
| 090 |
_a669825 _c669825 |
||
| 100 | _a20061115d2006 |||y0rusy50 ca | ||
| 101 | 0 |
_arus _deng |
|
| 102 | _aRU | ||
| 105 | _aa ||||||||| | ||
| 106 | _ar | ||
| 200 | 1 |
_aДвухканальный СО-лазер с емкостным разрядом переменного тока _fА. Ф. Глова, В. А. Гурашвили, В. Н. Кузьмин [и др.] |
|
| 210 |
_aТроицк _cЦНИИатоминформ _d2006 |
||
| 215 |
_a15 с. _cил. _d21 |
||
| 225 | 1 |
_aПрепринт _fГос. науч. центр Рос. Федерации Троиц. ин-т инновац. и термоядер. исслед. _v№ 131-А |
|
| 300 | _aРез. на англ. яз. | ||
| 313 | _aлазер с накачкой емкостным разрядом переменного тока | ||
| 320 | _aБиблиогр.: с. 13-14 (12 назв.) | ||
| 606 | 1 |
_aГазовые лазеры двухканальные _92461263 _3RU\NLR\auth\661462458 |
|
| 610 | 0 | _aРадиоэлектроника -- Квантовая электроника -- Газовые лазеры -- Лазеры на окиси углерода (CO) -- Теория | |
| 686 |
_aЗ86-531.44-01,0 _2rubbk |
||
| 686 | _aЗ86-532.4 | ||
| 701 | 1 |
_aГлова _bА. Ф. _gАлександр Федорович _4070 |
|
| 701 | 1 |
_aГурашвили _bВ. А. _4070 |
|
| 701 | 1 |
_4070 _8rus _7ca _aКузьмин _bВ. Н. _cд-р физ.-мат. наук _gВиктор Николаевич _3RU\NLR\auth\7748581 _931516 |
|
| 801 | 0 |
_aRU _bРКП _c20061115 _grcr |
|
| 801 | 1 |
_aRU _bРГБ _c20061115 |
|
| 801 | 2 |
_aRU _bNLR _c20070110 _grcr |
|
| 942 | _cBOOK | ||
| 980 | _aNB | ||
| 980 | _aNBR | ||